000 01027nam a22003371 4500
001 01107648
003 DO-SdBNP
005 20240613091530.0
007 01107648
008 920725s2009 cl spa
017 _a
_b
020 _a 9780847715732
035 _a
040 _aBPMSU
_bspa
_cBPMSU
082 _aPR863.5
_bA473v 2008
_222
100 1 _aÁlvarez Astacio, Mrinali
245 1 0 _aVerde navidad /
_c Mrinali Álvarez Astacio, Juan Álvarez Oneill,
_b
_h
260 _aColombia :
_bUniversidad de Puerto Rico,
_c2009
300 _a24 p. :
_bil,. ;
_c26 cm
490 0 _aSerie Raíces
_a
_v
500 _aPreescolares/kindergarten (4-5 años)
590 _aInventariado, 2025/VM
650 4 _aCuentos infantiles puertorriqueños
_v
_2
650 4 _aNavidad
_vCuentos
700 1 _aÁlvarez Astacio, Mrinali
_eilustraciones
700 1 _aÁlvarez Oneill, Juan
_cautor
710 2 _aUniversidad de Puerto Rico
900 _6
910 _aVMateo V. Control de calidad. BPMSU
942 _2ddc
_cBK
999 _c14661
_d14661